[Event "32nd ECC Open 2016"]
[Site "Novi Sad SRB"]
[Date "2016.11.12"]
[Round "7.28"]
[Board "1"]
[White "Heinzel, Olaf"]
[Black "Percin, Onder"]
[Result "1-0"]
[WhiteTitle "IM"]
[WhiteElo "2358"]
[BlackElo "1972"]
[WhiteTeam "Gambit Bonnevoie"]
[BlackTeam "Hatay Metropolitan"]
[WhiteFideId "4626664"]
[BlackFideId "6345190"]
[EventDate "2016.11.06"]

1. d4 Nf6 2. Bg5 Ne4 3. h4 d5 4. Nd2 Nd7 5. Nxe4 dxe4 6. e3 Nf6 7. c3 Bf5 8. Qb3
Qc8 9. Ne2 h6 10. Bxf6 gxf6 11. Ng3 Bh7 12. Bc4 e6 13. d5 e5 14. Qa4+ Kd8 15. d6
Bxd6 16. Bxf7 Ke7 17. Bb3 f5 18. O-O-O Qd7 19. Qc4 Bg8 20. Qe2 Bxb3 21. axb3 Qe6
22. Qc2 Rhg8 23. Rd2 Rg4 24. Rhd1 Rxh4 25. c4 b6 26. b4 Bxb4 27. Rd7+ Kf6 28.
Rxc7 Rc8 29. Rxc8 Qxc8 30. Qa4 Qxc4+ 31. Kb1 Qc5 32. Qd7 Qf8 33. Qxf5+ Ke7 34.
Rd7+ Ke8 35. Qe6+ Be7 36. Rxa7 1-0

[Event "32nd ECC Open 2016"]
[Site "Novi Sad SRB"]
[Date "2016.11.12"]
[Round "7.28"]
[Board "2"]
[White "Percin, Baris"]
[Black "Rusev, Rosen Yordanov"]
[Result "0-1"]
[BlackTitle "FM"]
[WhiteElo "1877"]
[BlackElo "2364"]
[WhiteTeam "Hatay Metropolitan"]
[BlackTeam "Gambit Bonnevoie"]
[WhiteFideId "6345174"]
[BlackFideId "2904187"]
[EventDate "2016.11.06"]

1. e4 c6 2. d4 d5 3. Nc3 dxe4 4. Nxe4 Bf5 5. Ng3 Bg6 6. h4 h6 7. h5 Bh7 8. Nf3
Nd7 9. Bd3 Bxd3 10. Qxd3 e6 11. Bd2 Ngf6 12. O-O-O Be7 13. Qe2 O-O 14. Ne5 Re8
15. f4 c5 16. dxc5 Qc7 17. Nxd7 Nxd7 18. Ne4 Nxc5 19. Nxc5 Bxc5 20. g4 e5 21. g5
exf4 22. Qg4 hxg5 23. Bc3 f6 24. Rd7 Qc6 25. Rhd1 Re7 26. Rxe7 Bxe7 27. h6 Rd8
28. Re1 Bf8 29. Qh5 f3 30. hxg7 Bxg7 31. Re7 Rd1+ 32. Kxd1 Qd6+ 33. Kc1 Qxe7 34.
Qxf3 Qd7 35. Qe3 g4 36. b3 b6 37. Qf4 Kf7 38. Kb2 Kg6 39. Bd2 Qf5 40. Qc7 Qe5+
41. Qxe5 fxe5 42. Be3 Bh6 43. Bg1 Kf5 44. c4 Ke4 45. Kc3 g3 46. b4 Be3 47. c5
bxc5 0-1

[Event "32nd ECC Open 2016"]
[Site "Novi Sad SRB"]
[Date "2016.11.12"]
[Round "7.28"]
[Board "3"]
[White "Dishman, Stephen"]
[Black "Gundogan, Sinem Cagla"]
[Result "1/2-1/2"]
[BlackTitle "WCM"]
[WhiteElo "2330"]
[BlackElo "1952"]
[WhiteTeam "Gambit Bonnevoie"]
[BlackTeam "Hatay Metropolitan"]
[WhiteFideId "403024"]
[BlackFideId "6325378"]
[EventDate "2016.11.06"]

1. d4 d5 2. Bf4 Nf6 3. e3 c6 4. c4 e6 5. Nc3 Nbd7 6. Nf3 Be7 7. h3 O-O 8. cxd5
exd5 9. Bd3 Re8 10. O-O Nf8 11. Ne5 Ne6 12. Bh2 g6 13. Rb1 Ng7 14. b4 Bf5 15. g4
Bxd3 16. Qxd3 Rc8 17. f4 b6 18. Kh1 c5 19. b5 c4 20. Qc2 Bd6 21. Qg2 Ba3 22. g5
Ne4 23. Nxe4 dxe4 24. Qxe4 c3 25. Rf2 Nf5 26. Rc2 Bb2 27. Re1 Rc4 28. Qd3 Ra4
29. Rxb2 Rxe5 30. fxe5 cxb2 31. Qb3 Nxe3 32. Rxe3 Rxd4 33. Re1 Qa8+ 34. Kg1 Rd2
35. Qg3 Qd5 36. e6 Qd4+ 37. Kh1 Qd5+ 38. Kg1 Qd4+ 1/2-1/2

[Event "32nd ECC Open 2016"]
[Site "Novi Sad SRB"]
[Date "2016.11.12"]
[Round "7.28"]
[Board "5"]
[White "Bednarich, Jan"]
[Black "Micoogullari, Lara"]
[Result "1-0"]
[WhiteTitle "FM"]
[BlackTitle "WCM"]
[WhiteElo "2246"]
[BlackElo "1673"]
[WhiteTeam "Gambit Bonnevoie"]
[BlackTeam "Hatay Metropolitan"]
[WhiteFideId "806730"]
[BlackFideId "6344968"]
[EventDate "2016.11.06"]

1. Nf3 Nf6 2. c4 c6 3. Nc3 d5 4. e3 e6 5. Qc2 Nbd7 6. b3 Be7 7. Bb2 O-O 8. d4
Bb4 9. Bd3 c5 10. O-O h6 11. Rad1 cxd4 12. Nxd4 Ne5 13. Be2 a6 14. h3 Qc7 15.
cxd5 exd5 16. Rc1 Bxc3 17. Qxc3 Qxc3 18. Rxc3 Bd7 19. Rc7 Rab8 20. Rfc1 Rfc8 21.
Nf3 Rxc7 22. Rxc7 Nxf3+ 23. Bxf3 Bc6 24. Bxf6 gxf6 25. Bh5 Rf8 26. f3 f5 27. Kf2
Kg7 28. Ke1 Kf6 29. Kd2 Ke6 30. Kc3 Kf6 31. Kd4 Ke6 32. g4 fxg4 33. hxg4 f5 34.
Rh7 Rf6 35. f4 fxg4 36. Bxg4+ Kd6 37. Bc8 Rg6 38. Bxb7 Bxb7 39. Rxb7 Kc6 40. Rh7
a5 41. Ra7 Kb6 42. Rd7 1-0

[Event "32nd ECC Open 2016"]
[Site "Novi Sad SRB"]
[Date "2016.11.12"]
[Round "7.28"]
[Board "6"]
[White "Buyukasik, Betul"]
[Black "Visintin, Roberto"]
[Result "1/2-1/2"]
[WhiteElo "1524"]
[BlackElo "2058"]
[WhiteTeam "Hatay Metropolitan"]
[BlackTeam "Gambit Bonnevoie"]
[WhiteFideId "6319599"]
[BlackFideId "807613"]
[EventDate "2016.11.06"]

1. d4 d5 2. Nf3 Nc6 3. Bf4 Bf5 4. c3 e6 5. e3 Bd6 6. Bg5 f6 7. Bh4 Nge7 8. Nbd2
e5 9. dxe5 Nxe5 10. Nxe5 Bxe5 11. Nf3 Ng6 12. Nxe5 Nxe5 13. Qb3 c6 14. Qxb7 Rb8
15. Qxg7 Rf8 16. b4 Rf7 17. Qh6 Qe7 18. Qf4 Be4 19. f3 Bd3 20. Kd2 Bxf1 21.
Rhxf1 Nc4+ 22. Ke2 Rb7 23. Kf2 Qe6 24. Rfe1 f5 25. Qd4 Qg6 26. Qh8+ Rf8 27. Qd4
Rff7 28. Bg3 Rbe7 29. Re2 Re6 30. Rae1 Rfe7 31. Kg1 1/2-1/2

[Event "32nd ECC Open 2016"]
[Site "Novi Sad SRB"]
[Date "2016.11.12"]
[Round "7.29"]
[Board "1"]
[White "Noe, Christopher"]
[Black "Zeidler, Sven P."]
[Result "1-0"]
[WhiteTitle "IM"]
[BlackTitle "FM"]
[WhiteElo "2422"]
[BlackElo "2185"]
[WhiteTeam "De Sprenger Echternach"]
[BlackTeam "Abergavenny"]
[WhiteFideId "24692018"]
[BlackFideId "1800604"]
[EventDate "2016.11.06"]

1. d4 f5 2. Bg5 g6 3. h4 h6 4. Bf4 d6 5. Nc3 Bg7 6. e3 e6 7. Qd2 Qe7 8. O-O-O
Nf6 9. Nf3 Nc6 10. Bb5 O-O 11. Bg3 a6 12. Bd3 b5 13. e4 b4 14. exf5 bxc3 15.
Qxc3 Nxd4 16. Qxd4 gxf5 17. Qc4 Bb7 18. Bxf5 Bd5 19. Qe2 Qf7 20. Bd3 Rfb8 21. c4
Bc6 22. Nd4 Ba4 23. Rd2 c5 24. Nxe6 Re8 25. Re1 Bd7 26. Bf5 Nh5 27. Rxd6 Nxg3
28. fxg3 Rab8 29. Qg4 Qf6 30. Rxd7 Qxb2+ 31. Kd1 Rbd8 32. Qxg7+ Qxg7 33. Nxg7 1-0

[Event "32nd ECC Open 2016"]
[Site "Novi Sad SRB"]
[Date "2016.11.12"]
[Round "7.29"]
[Board "2"]
[White "Morris, Charles F"]
[Black "Gnichtel, Gerd"]
[Result "0-1"]
[WhiteElo "2132"]
[BlackElo "2135"]
[WhiteTeam "Abergavenny"]
[BlackTeam "De Sprenger Echternach"]
[WhiteFideId "1800140"]
[BlackFideId "4637127"]
[EventDate "2016.11.06"]

1. c4 e5 2. g3 Nf6 3. Bg2 d5 4. cxd5 Nxd5 5. Nc3 Nb6 6. Nf3 Nc6 7. O-O Be7 8. a3
a5 9. d3 O-O 10. Be3 Re8 11. Rc1 Bf8 12. Na4 Nd4 13. Re1 Bg4 14. Nxd4 exd4 15.
Nxb6 dxe3 16. Nxa8 exf2+ 17. Kxf2 Qd4+ 18. Kf1 Re6 0-1

[Event "32nd ECC Open 2016"]
[Site "Novi Sad SRB"]
[Date "2016.11.12"]
[Round "7.29"]
[Board "3"]
[White "Drzasga, Michael"]
[Black "Powell, Lloyd"]
[Result "0-1"]
[WhiteElo "2058"]
[BlackElo "2072"]
[WhiteTeam "De Sprenger Echternach"]
[BlackTeam "Abergavenny"]
[WhiteFideId "4623568"]
[BlackFideId "1801406"]
[EventDate "2016.11.06"]

1. d4 Nf6 2. c4 e6 3. Nc3 d5 4. Nf3 Be7 5. e3 O-O 6. Bd3 Nbd7 7. O-O b6 8. cxd5
exd5 9. Bd2 Bb7 10. a4 a5 11. Qc2 Rc8 12. Ne5 Nxe5 13. dxe5 Ne4 14. Be1 f5 15.
g3 d4 16. Nb5 Nc5 17. Bc4+ Kh8 18. Nxd4 Qd7 19. Nxf5 Qxf5 20. Qc3 Rcd8 0-1

[Event "32nd ECC Open 2016"]
[Site "Novi Sad SRB"]
[Date "2016.11.12"]
[Round "7.29"]
[Board "4"]
[White "Spencer, Douglas"]
[Black "Sparwel, Oliver"]
[Result "1-0"]
[WhiteElo "1961"]
[BlackElo "2026"]
[WhiteTeam "Abergavenny"]
[BlackTeam "De Sprenger Echternach"]
[WhiteFideId "1801082"]
[BlackFideId "4002660"]
[EventDate "2016.11.06"]

1. d4 Nf6 2. c4 e6 3. Nf3 d5 4. Nc3 c6 5. cxd5 exd5 6. Qc2 Nbd7 7. Bg5 Be7 8. e3
O-O 9. Bd3 h6 10. Bf4 Re8 11. O-O Nh5 12. Nxd5 Nxf4 13. Nxf4 Bd6 14. Ne2 Nf6 15.
Nc3 Bg4 16. Be2 Qc7 17. e4 Nh5 18. e5 Be7 19. Rfd1 Rad8 20. Qe4 g5 21. Nxg5 hxg5
22. Bxg4 1-0

[Event "32nd ECC Open 2016"]
[Site "Novi Sad SRB"]
[Date "2016.11.12"]
[Round "7.29"]
[Board "5"]
[White "Wambach, Patrick"]
[Black "Waterfield, John W"]
[Result "0-1"]
[WhiteElo "1952"]
[BlackElo "1986"]
[WhiteTeam "De Sprenger Echternach"]
[BlackTeam "Abergavenny"]
[WhiteFideId "4002059"]
[BlackFideId "407143"]
[EventDate "2016.11.06"]

1. Nf3 Nf6 2. c4 g6 3. g3 Bg7 4. Bg2 O-O 5. O-O d6 6. Nc3 e5 7. d3 h6 8. Rb1 a5
9. a3 Re8 10. Qc2 c6 11. b4 axb4 12. axb4 Be6 13. Bb2 Nbd7 14. b5 d5 15. Nd2 Qc7
16. bxc6 bxc6 17. Ra1 Nb6 18. Na4 Nfd7 19. Nxb6 Qxb6 20. Rfb1 Qc5 21. Nb3 Qd6
22. Rxa8 Rxa8 23. Ra1 Rxa1+ 24. Bxa1 dxc4 25. dxc4 Nc5 26. Nd2 Bf5 27. e4 Bd7
28. Bc3 Ne6 29. Qa2 Nd4 30. Kf1 Be6 31. Ke1 Kh7 32. h4 Qc5 33. Qa4 Bg4 34. Bb4
Qxb4 35. Qxb4 Nc2+ 36. Kf1 Nxb4 37. f3 Be6 38. Ke2 Bf8 0-1

[Event "32nd ECC Open 2016"]
[Site "Novi Sad SRB"]
[Date "2016.11.12"]
[Round "7.29"]
[Board "6"]
[White "Miles, Richard"]
[Black "Densing, Gerd"]
[Result "1-0"]
[WhiteElo "2000"]
[BlackElo "1806"]
[WhiteTeam "Abergavenny"]
[BlackTeam "De Sprenger Echternach"]
[WhiteFideId "1801139"]
[BlackFideId "24621013"]
[EventDate "2016.11.06"]

1. d4 e6 2. c4 b6 3. a3 Bb7 4. Nc3 f5 5. d5 e5 6. e4 fxe4 7. Qh5+ Ke7 8. Qxe5+
Kf7 9. Nxe4 Be7 10. Nf3 Bf6 11. Nxf6 Nxf6 12. Ng5+ Kf8 13. Be3 Na6 14. Bd3 h6
15. Ne4 d6 16. Qf4 Kf7 17. Nxf6 Qxf6 18. Qxf6+ Kxf6 19. b4 Rae8 20. O-O Re7 21.
Bd4+ Kf7 22. Rfe1 Rhe8 23. Kf1 Nb8 24. Rxe7+ Rxe7 25. Re1 Rxe1+ 26. Kxe1 c6 27.
dxc6 Nxc6 28. Bc3 Ne5 29. Bxe5 dxe5 30. f3 Ke6 31. Ke2 a5 32. Ke3 axb4 33. axb4
Kd6 34. g3 g5 35. Bh7 Bc6 36. Bg8 Bb7 37. Bh7 Bc6 38. Bf5 Ba4 39. f4 exf4+ 40.
gxf4 Bd1 41. fxg5 hxg5 42. Kd4 Bf3 43. Be4 Bd1 44. c5+ bxc5+ 45. bxc5+ Kc7 46.
Ke5 g4 47. Kf4 Be2 48. Bf5 Kc6 49. Bxg4 Bc4 50. Kg5 Kxc5 51. h4 Bg8 52. h5 Kc6
53. Kf6 Kd6 54. Bf5 1-0

[Event "32nd ECC Open 2016"]
[Site "Novi Sad SRB"]
[Date "2016.11.12"]
[Round "7.30"]
[Board "2"]
[White "Mihasi, Lime"]
[Black "Berry, Neil"]
[Result "1/2-1/2"]
[BlackTitle "FM"]
[WhiteElo "2039"]
[BlackElo "2299"]
[WhiteTeam "Butrinti"]
[BlackTeam "Edinburgh Chess Club"]
[WhiteFideId "4700252"]
[BlackFideId "2400650"]
[EventDate "2016.11.06"]

1. e4 e6 2. d4 d5 3. Nd2 Nf6 4. e5 Nfd7 5. Bd3 c5 6. c3 Nc6 7. Ne2 cxd4 8. cxd4
f6 9. exf6 Nxf6 10. O-O Bd6 11. Nf3 Qc7 12. Bg5 O-O 13. Rc1 Ng4 14. h3 Rxf3 15.
hxg4 Rf8 16. Qd2 h6 17. Be3 Qf7 18. f4 Bd7 19. Bb1 Ne7 20. Rf3 Rac8 21. Qd3
Rxc1+ 22. Bxc1 Rc8 23. Qh7+ Kf8 24. Be3 Ke8 25. Ng3 Qg8 26. Qxg8+ Nxg8 27. Nh5
Kf7 28. g5 g6 29. Ng3 h5 30. Ne2 Bb5 31. Nc3 Bc4 32. Bd2 Ne7 33. Rh3 Kg7 34. Kf2
Rf8 35. g3 Nc6 36. b3 Ba6 37. Ke3 Bb4 38. Rh1 Ba5 39. Bd3 Nxd4 40. Kxd4 Bb6+ 41.
Ke5 Bxd3 42. Kxe6 Bf5+ 43. Kd6 d4 44. Na4 Rd8+ 45. Ke7 Rd7+ 46. Ke8 Bc7 47. Bb4
Rd8+ 48. Ke7 Rd7+ 49. Ke8 Rf7 50. Be7 Be4 51. Rc1 Bc6+ 52. Rxc6 bxc6 53. Nc5 Bb6
54. Nd3 Rf5 55. b4 a5 56. a3 axb4 57. axb4 Rd5 58. Bf6+ Kg8 59. Be7 Bc7 60. Bc5
Bd6 61. Kd7 Bxc5+ 62. Kxc6 Bxb4 63. Kxd5 Bc3 64. Ke6 Kg7 65. f5 gxf5 66. Kxf5
Bd2 67. Nc5 Be1 68. Ne6+ Kg8 69. Nxd4 Bxg3 70. Kg6 Bf4 71. Kxh5 Bxg5 1/2-1/2

[Event "32nd ECC Open 2016"]
[Site "Novi Sad SRB"]
[Date "2016.11.12"]
[Round "7.30"]
[Board "3"]
[White "Mcgowan, Daniel"]
[Black "Mejdini, Murat"]
[Result "1/2-1/2"]
[WhiteElo "2156"]
[BlackElo "1989"]
[WhiteTeam "Edinburgh Chess Club"]
[BlackTeam "Butrinti"]
[WhiteFideId "2401479"]
[BlackFideId "4700244"]
[EventDate "2016.11.06"]

1. d4 Nf6 2. Nf3 e6 3. e3 Bb4+ 4. c3 Be7 5. Bd3 c5 6. O-O b6 7. Nbd2 Bb7 8. Re1
Qc7 9. e4 d6 10. e5 dxe5 11. dxe5 Nfd7 12. Qe2 Nc6 13. Nf1 h6 14. h3 a6 15. a4
Na5 16. Be4 Bxe4 17. Qxe4 Qc6 18. Qg4 g6 19. N1d2 Qc7 20. Qe4 Qc6 21. Qc2 Qc7
22. b3 Rd8 23. Bb2 O-O 24. c4 Nb8 25. Bc3 Nbc6 26. Ne4 Nb4 27. Bxb4 cxb4 28.
Nf6+ Kg7 29. Ng4 h5 30. Ne3 Rd7 31. Rad1 1/2-1/2

[Event "32nd ECC Open 2016"]
[Site "Novi Sad SRB"]
[Date "2016.11.12"]
[Round "7.30"]
[Board "4"]
[White "Karralliu, Fuat"]
[Black "Kafka, Graeme"]
[Result "1/2-1/2"]
[WhiteElo "1931"]
[BlackElo "2061"]
[WhiteTeam "Butrinti"]
[BlackTeam "Edinburgh Chess Club"]
[WhiteFideId "4702166"]
[BlackFideId "2401487"]
[EventDate "2016.11.06"]

1. e4 c5 2. Nc3 Nc6 3. f4 g6 4. Nf3 Bg7 5. Be2 d6 6. O-O e6 7. Bb5 Ne7 8. Kh1
O-O 9. Bxc6 Nxc6 10. Ne2 d5 11. e5 f6 12. exf6 Qxf6 13. d3 e5 14. Rb1 Bd7 15.
fxe5 Nxe5 16. Bg5 Qc6 17. Nxe5 Rxf1+ 18. Qxf1 Bxe5 19. b3 Rf8 20. Qe1 Rf5 21.
Qd2 Qd6 22. h3 d4 23. Bh4 Bc6 24. Kg1 Qd5 25. Ng3 Rf7 26. Ne4 Bf4 27. Qe2 Be3+
28. Kh1 g5 29. Bg3 Qf5 30. Qg4 Qf1+ 31. Rxf1 Rxf1+ 32. Kh2 Bg1+ 33. Kh1 Bf2+ 34.
Kh2 Bg1+ 1/2-1/2

[Event "32nd ECC Open 2016"]
[Site "Novi Sad SRB"]
[Date "2016.11.12"]
[Round "7.30"]
[Board "5"]
[White "White, Alastair F"]
[Black "Mihasi, Erald"]
[Result "0-1"]
[WhiteElo "2078"]
[BlackElo "1845"]
[WhiteTeam "Edinburgh Chess Club"]
[BlackTeam "Butrinti"]
[WhiteFideId "2402041"]
[BlackFideId "4700902"]
[EventDate "2016.11.06"]

1. e4 d5 2. exd5 Qxd5 3. Nc3 Qa5 4. d4 Nf6 5. Rb1 c6 6. b4 Qd8 7. Nge2 Bg4 8. h3
Bh5 9. g4 Bg6 10. Bg2 e6 11. b5 Qc8 12. O-O Bd6 13. Re1 O-O 14. Bf4 Rd8 15. Qc1
cxb5 16. Nxb5 Bxf4 17. Nxf4 Nc6 18. Nxg6 hxg6 19. g5 Ne8 20. c3 a6 21. Na3 Qc7
22. Nc4 Rab8 23. Ne5 Nxe5 24. Rxe5 Nd6 25. Rb3 Nf5 26. Qf4 Rd7 27. Qe4 b5 28.
Rc5 Qd8 29. Qc6 Kh7 30. f4 b4 31. Qxa6 bxc3 32. Rbxc3 Rxd4 33. Rc8 Rd1+ 34. Kh2
Qd4 35. Bf1 Qf2+ 0-1

[Event "32nd ECC Open 2016"]
[Site "Novi Sad SRB"]
[Date "2016.11.12"]
[Round "7.31"]
[Board "1"]
[White "Williams, A. Howard"]
[Black "Moran, Stephen"]
[Result "1/2-1/2"]
[WhiteTitle "FM"]
[WhiteElo "2323"]
[BlackElo "2180"]
[WhiteTeam "Cardigan"]
[BlackTeam "Trinity College Dublin"]
[WhiteFideId "1800043"]
[BlackFideId "2501872"]
[EventDate "2016.11.06"]

1. d4 Nf6 2. c4 g6 3. Nc3 d5 4. cxd5 Nxd5 5. e4 Nxc3 6. bxc3 Bg7 7. Bc4 c5 8.
Ne2 O-O 9. O-O Nc6 10. Be3 Na5 11. Bd3 b6 12. Rc1 e5 13. dxe5 Bxe5 14. f4 Bg7
15. Ng3 Be6 16. Qe2 Bg4 17. Qc2 Be6 18. Rcd1 Qe7 19. Qe2 Rad8 20. e5 Bd5 21. Ne4
Rfe8 22. Rfe1 c4 23. Bc2 Nb7 24. Qf2 Be6 25. Bd4 h6 26. Nf6+ Bxf6 27. exf6 Qf8
28. Rxe6 Rxe6 29. f5 Rxd4 30. Qxd4 Rd6 31. Qxc4 Rxd1+ 32. Bxd1 Qc5+ 33. Qxc5
Nxc5 34. fxg6 fxg6 35. Kf2 Kf7 36. Ke3 Kxf6 37. Bc2 g5 38. Kd4 Ke6 1/2-1/2

[Event "32nd ECC Open 2016"]
[Site "Novi Sad SRB"]
[Date "2016.11.12"]
[Round "7.31"]
[Board "2"]
[White "Menzies, Colin"]
[Black "Jones, Iolo C"]
[Result "1/2-1/2"]
[BlackTitle "FM"]
[WhiteElo "2144"]
[BlackElo "2172"]
[WhiteTeam "Trinity College Dublin"]
[BlackTeam "Cardigan"]
[WhiteFideId "2502755"]
[BlackFideId "1800094"]
[EventDate "2016.11.06"]

1. Nf3 Nf6 2. c4 e6 3. Nc3 d5 4. cxd5 exd5 5. d4 c6 6. g3 Bd6 7. Bg2 h6 8. O-O
Bf5 9. a3 a5 10. Bf4 Bxf4 11. gxf4 O-O 12. Qb3 Ra7 13. Ne5 Nbd7 14. Rac1 Ng4 15.
Na4 Qh4 16. Qg3 Qxg3 17. hxg3 Ngf6 18. Nxd7 Nxd7 19. Nc5 Nxc5 20. Rxc5 Re8 21.
e3 a4 22. Rfc1 Ra6 23. Rd1 Kf8 24. Rd2 Raa8 25. Bf3 Ke7 26. Be2 Kd6 27. Bf1 Re7
28. Bg2 h5 29. Bf3 g6 30. Kf1 Ree8 31. Kg1 1/2-1/2

[Event "32nd ECC Open 2016"]
[Site "Novi Sad SRB"]
[Date "2016.11.12"]
[Round "7.31"]
[Board "3"]
[White "Heap, Gerry"]
[Black "Bourached, Anthony"]
[Result "1-0"]
[WhiteElo "2060"]
[BlackElo "1941"]
[WhiteTeam "Cardigan"]
[BlackTeam "Trinity College Dublin"]
[WhiteFideId "415650"]
[BlackFideId "2504456"]
[EventDate "2016.11.06"]

1. Nf3 c5 2. c4 Nc6 3. g3 g6 4. Bg2 Bg7 5. Nc3 d6 6. O-O Qd7 7. Rb1 b6 8. e3
Bxc3 9. dxc3 f5 10. e4 fxe4 11. Ng5 Nf6 12. Nxe4 Nxe4 13. Bxe4 Qc7 14. Bh6 Bd7
15. b4 O-O-O 16. a4 Rhe8 17. a5 Ne5 18. axb6 axb6 19. bxc5 Bc6 20. cxb6 Qb7 21.
Bxc6 Qxc6 22. Qd5 Nf3+ 23. Kg2 Qxd5 24. cxd5 Ne5 25. Bg7 Nc4 26. Rb4 Na5 27. f4
Kd7 28. f5 Rc8 29. Bd4 Rc4 30. Rb5 Nb7 31. fxg6 hxg6 32. Rf7 1-0

[Event "32nd ECC Open 2016"]
[Site "Novi Sad SRB"]
[Date "2016.11.12"]
[Round "7.31"]
[Board "4"]
[White "Tirziman, Rudolf"]
[Black "Van Kemenade, Rudy"]
[Result "1-0"]
[WhiteElo "1991"]
[BlackElo "1969"]
[WhiteTeam "Trinity College Dublin"]
[BlackTeam "Cardigan"]
[WhiteFideId "2508664"]
[BlackFideId "410942"]
[EventDate "2016.11.06"]

1. e4 e5 2. Nf3 Nf6 3. Nxe5 d6 4. Nf3 Nxe4 5. Nc3 d5 6. Qe2 Be7 7. Nxe4 dxe4 8.
Qxe4 O-O 9. Bc4 Bd6 10. O-O Re8 11. Qd3 Qf6 12. Re1 Rxe1+ 13. Nxe1 Nc6 14. Qf1
Qh6 15. h3 Qg6 16. Kh1 Nd4 17. c3 Nf5 18. Nf3 Bd7 19. d4 Re8 20. Bd2 a6 21. Re1
Rxe1 22. Qxe1 Bc6 23. d5 Bd7 24. Qe2 Qh5 25. Qe4 Ne7 26. Kg1 Bf5 27. Qe3 h6 28.
Bb3 Bd7 29. c4 Ng6 30. Qe4 Bf5 31. Qe8+ Nf8 32. Nd4 Bd7 33. Qe4 f5 34. Qf3 Qf7
35. Bc2 f4 36. Qe4 g5 37. b4 b6 38. Bc3 g4 39. hxg4 Bxg4 40. Nf5 Bxf5 41. Qxf5
Qe7 42. Qg4+ Kf7 43. Qh5+ Kg8 44. a3 Qg5 45. Qxg5+ hxg5 46. Bf5 a5 47. bxa5 bxa5
48. Bxa5 Kf7 49. Bc3 Ng6 50. Bxg6+ Kxg6 51. Bb4 Bxb4 52. axb4 Kf5 53. b5 Ke5 54.
Kf1 Kd4 55. b6 1-0

[Event "32nd ECC Open 2016"]
[Site "Novi Sad SRB"]
[Date "2016.11.12"]
[Round "7.31"]
[Board "5"]
[White "Haigh, Tony"]
[Black "Scott, Luke"]
[Result "0-1"]
[WhiteElo "1810"]
[BlackElo "2016"]
[WhiteTeam "Cardigan"]
[BlackTeam "Trinity College Dublin"]
[WhiteFideId "1802569"]
[BlackFideId "2507986"]
[EventDate "2016.11.06"]

1. d4 Nf6 2. Bg5 d5 3. Bxf6 gxf6 4. c4 dxc4 5. e3 c5 6. d5 Bg7 7. Bxc4 O-O 8.
Nc3 a6 9. a4 Nd7 10. Nge2 Ne5 11. Ba2 f5 12. Qc2 e6 13. Nf4 Qe7 14. O-O-O b5 15.
b3 b4 16. Nce2 Bb7 17. Kb1 Ng4 18. Ng3 Qf6 19. Kc1 Nxf2 20. Qxf2 Qa1+ 21. Bb1
Qa3+ 22. Kd2 Qxb3 23. Nge2 a5 24. Bc2 Bc3+ 25. Nxc3 Qxc3+ 26. Kc1 b3 27. Qd2
Qa1+ 28. Bb1 c4 29. Qb2 Qxa4 30. dxe6 c3 31. exf7+ Rxf7 32. Qxc3 Rc8 0-1

[Event "32nd ECC Open 2016"]
[Site "Novi Sad SRB"]
[Date "2016.11.12"]
[Round "7.31"]
[Board "6"]
[White "Benson, Oisin P."]
[Black "Van Kemenade, Julie"]
[Result "1-0"]
[WhiteElo "1972"]
[BlackElo "1703"]
[WhiteTeam "Trinity College Dublin"]
[BlackTeam "Cardigan"]
[WhiteFideId "2501821"]
[BlackFideId "402796"]
[EventDate "2016.11.06"]

1. d4 d6 2. c4 Nf6 3. Nf3 c6 4. Nc3 Qc7 5. e4 e5 6. Be2 Nbd7 7. O-O Be7 8. Be3
h6 9. Rc1 Nf8 10. b4 Rg8 11. d5 g5 12. c5 Ng6 13. dxc6 bxc6 14. cxd6 Qxd6 15.
Qa4 Bd7 16. b5 Nf4 17. Bc4 Ng4 18. Rfd1 Qf6 19. Bxf4 gxf4 20. bxc6 Bxc6 21. Bb5
Bxb5 22. Qxb5+ Kf8 23. h3 h5 24. hxg4 hxg4 25. Nxe5 Qh4 26. Qd5 Rg7 27. Qxa8+ 1-0